Statistics for Largest Country By Land Area A-Z

Click here to take the quiz!

General Stats

  • This quiz has been taken 54 times
  • The average score is 20 of 23

Answer Stats

LetterArea in kmArea in miAnswer% Correct
A7,692,0242,969,906Australia
100%
B8,515,7673,287,955Brazil
100%
C9,984,6703,855,101Canada
98%
I3,287,5901,269,345India
98%
O309,500119,499Oman
98%
R17,098,2426,601,665Russia
98%
F551,695213,011France
95%
Q11,5864,473Qatar
95%
Z752,612290,585Zambia
95%
J377,930145,920Japan
93%
Y527,968203,850Yemen
93%
K2,724,9001,052,089Kazakhstan
91%
U9,372,6103,618,783United States
91%
V916,445353,841Venezuela
88%
E1,104,300426,372Ethiopia
84%
M1,964,375758,449Mexico
84%
N1,267,000489,191Niger
84%
G357,114137,882Germany
79%
H112,49243,433Honduras
79%
P1,285,216496,224Peru
79%
S2,149,690830,000Saudi Arabia
74%
L1,759,540679,362Libya
72%
T945,087364,900Tanzania
70%

Score Distribution

Percentile by Number Answered

Percent of People with Each Score

Your Score History

You have not taken this quiz